Prestressed concrete / (Record no. 547078)
[ view plain ]
| 000 -LEADER | |
|---|---|
| fixed length control field | 00579cam a2200181 i 4500 |
| 082 04 - DEWEY DECIMAL CLASSIFICATION NUMBER | |
| Classification number | 624.183412 |
| Author Mark | MAG |
| -- | L-19, P-19 |
| 100 1# - MAIN ENTRY--PERSONAL NAME | |
| Personal name | Magnel, Gustave. |
| 9 (RLIN) | 43265 |
| 245 10 - TITLE STATEMENT | |
| Title | Prestressed concrete / |
| Statement of responsibility, etc. | by Gustave Magnel. |
| 250 ## - EDITION STATEMENT | |
| Edition statement | 3d ed., rev. and enl. |
| 260 ## - PUBLICATION, DISTRIBUTION, ETC. | |
| Place of publication, distribution, etc. | London : |
| Name of publisher, distributor, etc. | Concrete Publications, |
| Date of publication, distribution, etc. | 1954. |
| 300 ## - PHYSICAL DESCRIPTION | |
| Extent | vi, 345 p. : |
| Other physical details | ill. ; 24 cm. |
| 526 ## - STUDY PROGRAM INFORMATION NOTE | |
| Program name | 0 |
| Interest level | 0 |
| Reading level | 0 |
| Title point value | 624_183412000000000_MAG |
| 526 ## - STUDY PROGRAM INFORMATION NOTE | |
| Program name | 0 |
| Interest level | 0 |
| Reading level | 0 |
| Title point value | 624_183412000000000_MAG |
| 526 ## - STUDY PROGRAM INFORMATION NOTE | |
| Program name | 0 |
| Interest level | 0 |
| Reading level | 0 |
| Title point value | 624_183412000000000_MAG |
| 650 #0 - SUBJECT ADDED ENTRY--TOPICAL TERM | |
| Topical term or geographic name entry element | MCE |
| 9 (RLIN) | 379 |
| 650 #0 - SUBJECT ADDED ENTRY--TOPICAL TERM | |
| Topical term or geographic name entry element | Prestressed concrete. |
| 9 (RLIN) | 23341 |
| 942 ## - ADDED ENTRY ELEMENTS (KOHA) | |
| Source of classification or shelving scheme | |
| Koha item type | Book |
| Withdrawn status | Lost status | Source of classification or shelving scheme | Damaged status | Not for loan | Permanent Location | Current Location | Date acquired | Total Checkouts | Full call number | Barcode | Date last seen | Price effective from | Koha item type |
|---|---|---|---|---|---|---|---|---|---|---|---|---|---|
| Military College of Engineering (MCE) | Military College of Engineering (MCE) | 07/01/2014 | 624.183412 MAG | MCE-538 | 07/01/2014 | 07/01/2014 | Book | ||||||
| Military College of Engineering (MCE) | Military College of Engineering (MCE) | 07/01/2014 | 624.183412 MAG | MCE-1151 | 07/01/2014 | 07/01/2014 | Book | ||||||
| Military College of Engineering (MCE) | Military College of Engineering (MCE) | 07/03/2014 | 624.183412 MAG | MCE-30219 | 07/03/2014 | 07/03/2014 | Book |
